Käse oder Währung - Statistiken

Allgemein
  • Dieses Quiz wurde 167 mal gespielt
  • Das Durchschnittsergebnis liegt bei 35 aus 45
Antwortstatistiken
Frage Kachel Select % Korrekt
Käse? (5 Richtige) Gouda Ja
99%
Käse? (5 Richtige) Lira Nein
99%
Käse? (5 Richtige) Rupee Nein
99%
Käse? (5 Richtige) Zloty Nein
99%
Käse? (5 Richtige) Zalando Nein
97%
Käse? (5 Richtige) Brie Ja
95%
Käse? (5 Richtige) Balboa Nein
94%
Käse? (5 Richtige) Tilsiter Ja
94%
eine Währung? (5 Richtige) Gouda Nein
92%
Käse? (5 Richtige) Alba Nein
91%
eine Währung? (5 Richtige) Lira Ja
91%
keins von beidem? (5 Richtige) Lira Nein
91%
eine Währung? (5 Richtige) Tilsiter Nein
91%
eine Währung? (5 Richtige) Zalando Nein
91%
eine Währung? (5 Richtige) Brie Nein
90%
keins von beidem? (5 Richtige) Gouda Nein
90%
eine Währung? (5 Richtige) Pecorino Nein
90%
eine Währung? (5 Richtige) Zloty Ja
90%
Käse? (5 Richtige) Pecorino Ja
89%
eine Währung? (5 Richtige) Rupee Ja
89%
keins von beidem? (5 Richtige) Zloty Nein
89%
keins von beidem? (5 Richtige) Brie Nein
88%
keins von beidem? (5 Richtige) Rupee Nein
88%
keins von beidem? (5 Richtige) Tilsiter Nein
87%
Käse? (5 Richtige) Mandorla Nein
86%
Käse? (5 Richtige) Molucca Nein
86%
eine Währung? (5 Richtige) Camino Nein
84%
keins von beidem? (5 Richtige) Zalando Ja
81%
keins von beidem? (5 Richtige) Pecorino Nein
80%
eine Währung? (5 Richtige) Molucca Nein
79%
eine Währung? (5 Richtige) Mandorla Nein
78%
Käse? (5 Richtige) Peseta Nein
78%
keins von beidem? (5 Richtige) Peseta Nein
77%
Käse? (5 Richtige) Camino Nein
76%
eine Währung? (5 Richtige) Alba Nein
74%
eine Währung? (5 Richtige) Tomme Nein
72%
keins von beidem? (5 Richtige) Alba Ja
57%
eine Währung? (5 Richtige) Peseta Ja
55%
keins von beidem? (5 Richtige) Mandorla Ja
54%
keins von beidem? (5 Richtige) Camino Ja
51%
keins von beidem? (5 Richtige) Molucca Ja
49%
keins von beidem? (5 Richtige) Tomme Nein
46%
keins von beidem? (5 Richtige) Balboa Nein
27%
Käse? (5 Richtige) Tomme Ja
19%
eine Währung? (5 Richtige) Balboa Ja
14%
Keine übereinstimmenden Quizze gefunden
Verteilung der Resultate
Anzahl Personen mit jedem Resultat
Perzentil nach korrekt beantworteten Fragen
Ihre Resultats-Entwicklung
Sie haben dieses Quiz noch nicht gespielt